[Event "JBLN West 1819"]
[Site "Germany"]
[Date "2019.05.18"]
[Round "8.2"]
[White "Mimkes, Pavel"]
[Black "Schramm, David"]
[Result "1-0"]
[WhiteElo "1766"]
[BlackElo "1517"]
[PlyCount "103"]
[EventDate "2018.09.23"]
[EventType "team-tourn"]
[EventRounds "9"]
[EventCountry "GER"]
[SourceTitle "EXT 2020"]
[Source "ChessBase"]
[SourceDate "2019.10.17"]
[SourceVersion "1"]
[SourceVersionDate "2019.10.17"]
[SourceQuality "1"]
[WhiteTeam "Goettingen Rochade U20"]
[BlackTeam "Weisse Dame U20"]
[WhiteTeamCountry "GER"]
[BlackTeamCountry "GER"]

1. g3 d5 2. Bg2 Bf5 3. c4 e6 4. b3 Nf6 5. Nf3 c6 6. Bb2 Be7 7. 0-0 0-0 8. d3 Nbd7 9. Nc3 h6 10. e3 Nc5 11. Ne1 Qc7 12. d4 Nce4 13. Nxe4 Bxe4 14. Bxe4 Nxe4 15. f3 Nf6 16. Nd3 Bd6 17. f4 Ne4 18. Nf2 Nf6 19. Qe2 Rfe8 20. e4 Bf8 21. e5 Nd7 22. g4 f5 23. gxf5 exf5 24. Qh5 dxc4 25. Qxf5 Nb6 26. Ne4 Nd5 27. bxc4 Ne3 28. Qg6 Kh8 29. Rf3 Nxc4 30. Rh3 Be7 31. Rxh6+ gxh6 32. Qxh6+ Kg8 33. Kh1 Bf8 34. Rg1+ Bg7 35. Nf6+ Kf8 36. Qg5 Nxb2 37. Nh7+ Kg8 38. Qf5 Qf7 39. Nf6+ Kf8 40. Rg6 Re7 41. h4 Rd8 42. h5 Bxf6 43. Rxf6 Rxd4 44. e6 Rd1+ 45. Kg2 Rd2+ 46. Kg3 Rdd7 47. h6 Kg8 48. Rxf7 Rxf7 49. exf7+ Rxf7 50. Qg6+ Kf8 51. h7 Rg7 52. h8Q+ 1-0

[Event "JBLN West 1819"]
[Site "Germany"]
[Date "2018.09.23"]
[Round "1.5"]
[White "Doerp, Max Marian"]
[Black "Schramm, David"]
[Result "1-0"]
[WhiteElo "1830"]
[BlackElo "1517"]
[PlyCount "89"]
[EventDate "2018.09.23"]
[EventType "team-tourn"]
[EventRounds "9"]
[EventCountry "GER"]
[SourceTitle "EXT 2020"]
[Source "ChessBase"]
[SourceDate "2019.10.17"]
[SourceVersion "1"]
[SourceVersionDate "2019.10.17"]
[SourceQuality "1"]
[WhiteTeam "Luebeck SV U20"]
[BlackTeam "Weisse Dame U20"]
[WhiteTeamCountry "GER"]
[BlackTeamCountry "GER"]

1. Nf3 d5 2. c4 e6 3. b3 Nf6 4. Bb2 Be7 5. e3 0-0 6. Be2 b6 7. 0-0 Bb7 8. Nc3 c5 9. cxd5 Nxd5 10. d4 Nxc3 11. Bxc3 Bf6 12. Rc1 Nd7 13. Bb5 Be7 14. Qe2 a6 15. Bd3 Nf6 16. Rfd1 Nd5 17. dxc5 Bxc5 18. Qc2 f5 19. Ba1 Rc8 20. Qb2 Qe7 21. Qe2 Nb4 22. Bb1 Rfd8 23. a3 Nd5 24. b4 Bd6 25. Ba2 a5 26. Rxc8 Rxc8 27. bxa5 bxa5 28. a4 Nf4 29. Bb3 Ba6 30. Qb2 Nd3 31. Rxd3 Bxd3 32. Bxe6+ Kf8 33. Bxc8 Be4 34. Nd2 Qf7 35. Nxe4 fxe4 36. Qd4 Qc7 37. Bg4 Be5 38. Qd1 Bxh2+ 39. Kh1 Bd6 40. Bd4 Qe7 41. Bh3 Bb8 42. Qg4 Qb4 43. Qxg7+ Ke8 44. Qd7+ Kf8 45. Bg7+ 1-0